[Event "Benidorm op U2000 12th"]
[Site "Benidorm"]
[Date "2013.11.30"]
[Round "2"]
[White "Orantes Taboada, Manuel"]
[Black "Teran Pereda, Luis"]
[Result "1-0"]
[WhiteElo "1951"]
[BlackElo "1831"]
[PlyCount "31"]
[EventDate "2013.11.29"]
[EventType "swiss"]
[EventRounds "10"]
[EventCountry "ESP"]
[SourceTitle "CBM 157 Extra"]
[Source "ChessBase"]
[SourceDate "2013.12.19"]
[SourceVersion "1"]
[SourceVersionDate "2013.12.19"]
[SourceQuality "1"]

1. e4 c5 2. Nc3 Nc6 3. g3 g6 4. Bg2 Bg7 5. d3 e6 6. f4 Nge7 7. Nf3 d5 8. 0-0 0-0 9. e5 a6 10. g4 b5 11. Qe1 Bd7 12. Qh4 Rc8 13. f5 exf5 14. Bh6 fxg4 15. Ng5 f6 16. exf6 1-0

[Event "ESP-ch U18"]
[Site "Salobrena"]
[Date "2012.07.26"]
[Round "6"]
[White "Fernandez Diaz, Cristian"]
[Black "Orantes Taboada, Manuel"]
[Result "1-0"]
[WhiteElo "2162"]
[BlackElo "1963"]
[PlyCount "103"]
[EventDate "2012.07.23"]
[EventType "swiss"]
[EventRounds "9"]
[EventCountry "ESP"]
[SourceTitle "EXT 2014"]
[Source "ChessBase"]
[SourceDate "2013.11.20"]
[SourceVersion "1"]
[SourceVersionDate "2013.11.20"]
[SourceQuality "1"]

1. d4 Nf6 2. c4 g6 3. Nc3 Bg7 4. e4 d6 5. Nge2 0-0 6. Ng3 e5 7. d5 a5 8. Be2 Na6 9. h4 Ne8 10. h5 g5 11. h6 Bf6 12. Bg4 Bxg4 13. Qxg4 Kh8 14. Be3 Be7 15. Nf5 f6 16. 0-0-0 Rg8 17. g3 Rg6 18. Qh5 Nc5 19. f4 Qd7 20. Qf3 Bd8 21. Rh2 b6 22. Rf1 Qf7 23. fxg5 fxg5 24. Kc2 Nf6 25. Ng7 Be7 26. Bxc5 dxc5 27. Ne6 Bd6 28. g4 Rag8 29. Qf5 Qe7 30. Ne2 Ne8 31. Qf3 Rf6 32. Qh3 Rgg6 33. Rf5 Rxh6 34. Qxh6 Rxh6 35. Rxh6 Ng7 36. Rf8+ Qxf8 37. Nxf8 Bxf8 38. Rf6 Kg8 39. Ng3 Be7 40. Rf3 h6 41. Kd3 Bd6 42. Rf6 Kh7 43. Nf5 Nxf5 44. exf5 Kg7 45. Rg6+ Kh7 46. Ke4 Bf8 47. b3 Bd6 48. a4 Bf8 49. Kxe5 Bg7+ 50. Ke6 Bd4 51. Ke7 Be5 52. Re6 1-0

[Event "Andalucia-ch"]
[Site "Lucena"]
[Date "2012.04.29"]
[Round "5"]
[White "Orantes Taboada, Manuel"]
[Black "Moral Garcia, Serafin"]
[Result "0-1"]
[WhiteElo "1951"]
[BlackElo "2165"]
[PlyCount "113"]
[EventDate "2012.04.26"]
[EventType "swiss"]
[EventRounds "9"]
[EventCountry "ESP"]
[SourceTitle "EXT 2013"]
[Source "ChessBase"]
[SourceDate "2012.11.22"]
[SourceVersion "1"]
[SourceVersionDate "2012.11.22"]
[SourceQuality "1"]

1. e4 e5 2. Nf3 Nc6 3. Bb5 a6 4. Bxc6 dxc6 5. 0-0 Bg4 6. h3 Bh5 7. g4 Bg6 8. Nxe5 Qh4 9. Qf3 f6 10. Nxg6 hxg6 11. Kg2 Bd6 12. d3 g5 13. Rh1 Ne7 14. Nd2 Bf4 15. Qe2 Ng6 16. Nf3 Bxc1 17. Nxh4 Nf4+ 18. Kf3 Nxe2 19. Kxe2 Bxb2 20. Rab1 Rxh4 21. Rxb2 0-0-0 22. Kf3 c5 23. Kg2 b5 24. Rd1 Rdh8 25. Rh1 Rd8 26. Rd1 Rhh8 27. c3 Rd6 28. Rbd2 Rhd8 29. Kf3 Kb7 30. Ke3 a5 31. f4 Rh8 32. Rh1 gxf4+ 33. Kxf4 b4 34. Ke3 Rhd8 35. c4 a4 36. h4 Re8 37. Rf1 Rh8 38. h5 Kc6 39. Rf5 Re6 40. d4 cxd4+ 41. Kxd4 Rd6+ 42. Rd5 Re8 43. Rb2 Rb8 44. c5 Rxd5+ 45. exd5+ Kb5 46. Rc2 b3 47. axb3 axb3 48. Rc1 Kb4 49. d6 c6 50. Rb1 Re8 51. Rb2 Rb8 52. Rb1 Rb5 53. Rc1 b2 54. Rb1 Kb3 55. Re1 Ka2 56. d7 Rb8 57. Ke4 0-1

[Event "Andalucia-ch U16"]
[Site "Islantilla"]
[Date "2012.04.13"]
[Round "1"]
[White "Raigon Garcia, Jose Maria"]
[Black "Orantes Taboada, Manuel"]
[Result "0-1"]
[WhiteElo "1532"]
[BlackElo "1951"]
[PlyCount "84"]
[EventDate "2012.04.13"]
[EventType "swiss"]
[EventRounds "9"]
[EventCountry "ESP"]
[SourceTitle "CBM 148 Extra"]
[Source "ChessBase"]
[SourceDate "2012.06.22"]
[SourceVersion "1"]
[SourceVersionDate "2012.06.22"]
[SourceQuality "1"]

1. e4 c5 2. Nf3 Nc6 3. d4 cxd4 4. Nxd4 Nf6 5. Nc3 g6 6. Bc4 Bg7 7. Be3 0-0 8. 0-0 Nxe4 9. Nxe4 d5 10. Nxc6 bxc6 11. Bd3 dxe4 12. Bxe4 Qc7 13. c3 Ba6 14. Re1 Kh8 15. Qa4 Bb5 16. Qb4 a5 17. Qb3 Rab8 18. Qc2 f5 19. Bd3 Bxd3 20. Qxd3 Rxb2 21. Bc5 Rd8 22. Qe3 e5 23. a3 e4 24. Bd4 Bxd4 25. cxd4 Qb6 26. Red1 Kg7 27. Qc3 Rd5 28. g3 Rb3 29. Qc4 Qb5 30. Qc2 h6 31. Kg2 Qa4 32. Rd2 Qb5 33. Rdd1 Rb2 34. Qc3 g5 35. h3 Qb3 36. Qe1 Qf3+ 37. Kg1 f4 38. Rd2 Rxd2 39. Qxd2 fxg3 40. fxg3 Qxg3+ 41. Qg2 Qxg2+ 42. Kxg2 Rxd4 0-1

[Event "Benidorm Nuevas Generaciones op 7th"]
[Site "Benidorm"]
[Date "2011.12.11"]
[Round "7.2"]
[White "Balague Camps, Marc"]
[Black "Orantes Taboada, Manuel"]
[Result "1/2-1/2"]
[WhiteElo "2090"]
[BlackElo "1876"]
[PlyCount "80"]
[EventDate "2011.12.07"]
[EventType "swiss"]
[EventRounds "7"]
[EventCountry "ESP"]
[SourceTitle "EXT 2015"]
[Source "ChessBase"]
[SourceDate "2014.11.20"]
[SourceVersion "1"]
[SourceVersionDate "2014.11.20"]
[SourceQuality "1"]

1. e4 c5 2. c4 Nc6 3. Nc3 g6 4. g3 Bg7 5. Bg2 d6 6. Nge2 Nf6 7. 0-0 0-0 8. h3 a6 9. d3 Rb8 10. f4 Ne8 11. a4 Nc7 12. Be3 b5 13. axb5 axb5 14. Qd2 bxc4 15. dxc4 Be6 16. Ra4 Na8 17. f5 Bd7 18. Bh6 Nb6 19. Bxg7 Kxg7 20. Ra2 Nxc4 21. Qc1 N6e5 22. Nd5 f6 23. Nef4 Nb6 24. Ra7 Nc6 25. Rxd7 Qxd7 26. Ne6+ Kh8 27. Nxf8 Rxf8 28. Nxb6 Qe8 29. Nd5 g5 30. Qc3 Nd4 31. Kh2 g4 32. b4 gxh3 33. Bxh3 Qb5 34. bxc5 Qe2+ 35. Kg1 Qxe4 36. Qe3 Qxd5 37. Qxe7 Rf7 38. Qxd6 Qxd6 39. cxd6 Rd7 40. Kf2 Rxd6 1/2-1/2

[Event "Andalucia-ch"]
[Site "Roquetas Almeria"]
[Date "2011.05.28"]
[Round "7.12"]
[White "Orantes Taboada, Manuel"]
[Black "Aranaz Murillo, Amalia"]
[Result "0-1"]
[WhiteElo "1836"]
[BlackElo "2162"]
[PlyCount "112"]
[EventDate "2011.05.14"]
[EventType "swiss"]
[EventRounds "8"]
[EventCountry "ESP"]
[SourceTitle "EXT 2024"]
[Source "ChessBase"]
[SourceDate "2023.10.10"]
[SourceVersion "1"]
[SourceVersionDate "2023.10.10"]
[SourceQuality "1"]

1. e4 c6 2. Nc3 d5 3. Nf3 Bg4 4. h3 Bxf3 5. Qxf3 e6 6. g3 Nf6 7. Bg2 Bb4 8. exd5 cxd5 9. 0-0 Nc6 10. a3 Bd6 11. Qd1 0-0 12. d4 Qb6 13. Ne2 Rac8 14. c3 Na5 15. Qc2 h6 16. Be3 Nc4 17. Rab1 Qc7 18. Bf4 b5 19. Bxd6 Qxd6 20. Nf4 Qb6 21. Nd3 a5 22. Qe2 Nd7 23. Kh2 Rfe8 24. f4 f5 25. Rfe1 Nf6 26. Nc5 Ne4 27. Bxe4 fxe4 28. Qg4 Nd2 29. Nd7 Qd8 30. Ne5 Nxb1 31. Rxb1 Qf6 32. Qe2 b4 33. axb4 axb4 34. cxb4 Qf5 35. Rd1 e3 36. Qxe3 Rc2+ 37. Rd2 Rxd2+ 38. Qxd2 Rc8 39. Nd3 Rc4 40. Qe3 Rc2+ 41. Kg1 Qxh3 42. Nf2 Qf5 43. Nd3 Qe4 44. Qxe4 dxe4 45. Nc5 e3 46. Kf1 Rxb2 47. Nxe6 Kf7 48. Nc7 Kf6 49. g4 Rf2+ 50. Ke1 Ke7 51. f5 Kd6 52. Ne8+ Kd5 53. Nxg7 Kxd4 54. b5 Kd3 55. Ne6 Re2+ 56. Kd1 Rb2 0-1

[Event "Andalucia-ch U16 1011"]
[Site "Almeria"]
[Date "2011.03.25"]
[Round "3.8"]
[White "Orantes Taboada, Manuel"]
[Black "Romero Carmona, Fernando"]
[Result "1-0"]
[WhiteElo "1854"]
[BlackElo "1566"]
[PlyCount "83"]
[EventDate "2011.03.25"]
[EventType "swiss"]
[EventRounds "9"]
[EventCountry "ESP"]
[SourceTitle "EXT 2024"]
[Source "ChessBase"]
[SourceDate "2023.10.10"]
[SourceVersion "1"]
[SourceVersionDate "2023.10.10"]
[SourceQuality "1"]

1. e4 c5 2. Nc3 e6 3. g3 d5 4. exd5 exd5 5. d4 Be6 6. Bg2 Nf6 7. Nge2 Be7 8. 0-0 0-0 9. dxc5 Bxc5 10. Nd4 Bg4 11. Qd3 Nc6 12. Be3 Ne5 13. Qd2 Bxd4 14. Bxd4 Nf3+ 15. Bxf3 Bxf3 16. Qf4 Be4 17. Bxf6 Qxf6 18. Qxf6 gxf6 19. Nxe4 dxe4 20. g4 Rfd8 21. Rad1 Rac8 22. c3 Rd3 23. Rxd3 exd3 24. Rd1 Rd8 25. f3 Kg7 26. Kf2 Kg6 27. Ke3 Re8+ 28. Kxd3 Rd8+ 29. Ke2 Rxd1 30. Kxd1 Kg5 31. c4 Kf4 32. Ke2 f5 33. gxf5 Kxf5 34. Ke3 f6 35. b4 Ke5 36. f4+ Kf5 37. Kf3 h5 38. c5 Ke6 39. Ke4 f5+ 40. Kd4 h4 41. h3 a6 42. a4 1-0

[Event "Benidorm New Generation U16 06th"]
[Site "Benidorm"]
[Date "2010.12.05"]
[Round "2"]
[White "Orantes Taboada, Manuel"]
[Black "Suarez Uriel, Adrian"]
[Result "1/2-1/2"]
[WhiteElo "1807"]
[BlackElo "2215"]
[PlyCount "117"]
[EventDate "2010.12.04"]
[EventType "swiss"]
[EventRounds "7"]
[EventCountry "ESP"]
[SourceTitle "EXT 2024"]
[Source "ChessBase"]
[SourceDate "2023.10.10"]
[SourceVersion "1"]
[SourceVersionDate "2023.10.10"]
[SourceQuality "1"]

1. e4 c5 2. Nc3 Nc6 3. g3 g6 4. Bg2 Bg7 5. d3 d6 6. f4 e5 7. Nf3 Nge7 8. 0-0 Nd4 9. h3 0-0 10. Nh2 exf4 11. gxf4 f5 12. Ne2 Be6 13. c3 Nxe2+ 14. Qxe2 Qd7 15. Re1 Rae8 16. h4 Bh6 17. e5 dxe5 18. fxe5 f4 19. Nf3 Nf5 20. Rd1 Bd5 21. d4 cxd4 22. cxd4 Bxf3 23. Qxf3 Nxd4 24. Qd5+ Qxd5 25. Bxd5+ Ne6 26. Bxb7 Bg7 27. Re1 f3 28. Kf1 Nd4 29. Bd5+ Kh8 30. e6 f2 31. Re4 Nf5 32. Bf4 h6 33. Rd1 g5 34. hxg5 hxg5 35. Bh2 g4 36. Bf4 Bh6 37. Kxf2 Nd6 38. Ke3 Nxe4 39. Bxh6 Nf2 40. Rf1 Rf5 41. Rxf2 Rxd5 42. Rf8+ Rxf8 43. Bxf8 Re5+ 44. Kf4 Rxe6 45. Kxg4 Kg8 46. Bc5 Ra6 47. a3 Kf7 48. Kf4 Ke6 49. Ke4 Ra4+ 50. Kd3 Kd5 51. Bb4 Ra6 52. Kc3 Rg6 53. Kb3 Rg4 54. Bc3 Kc6 55. Ka2 Kc5 56. Be5 Re4 57. Bf6 Re2 58. Bc3 Kc4 59. Bh8 1/2-1/2